| 000 | 00764nam a2200265 i 4500 | ||
|---|---|---|---|
| 001 | bg | ||
| 245 | 0 | 0 |
_aBusiness English dictionary / _csel.and ed. Piotr Ratajczak. |
| 246 | 3 | 1 |
_iTyt. równol. na okł.: _aAngielsko-polski słownik biznesmena |
| 260 |
_aLegnica : _bWydawnictwo Libra, _c1990. |
||
| 300 |
_aIX, [1], 296 s. ; _c21 cm. |
||
| 500 | _aNa okł. informacja: New! | ||
| 504 | _aBibliogr. s. VII-VIII. | ||
| 650 | 9 |
_aJęzyk angielski _xsłownictwo. |
|
| 650 | 9 |
_aNauki ekonomiczne _xterminologia. |
|
| 655 | 9 | _aSłowniki | |
| 700 | 1 |
_aRatajczak, Piotr. _eRed. |
|
| 040 | _cBPK | ||
| 041 | 0 |
_apol _aeng |
|
| 044 | _aPOL | ||
| 080 | _a811.111 | ||
| 080 | _a(038) | ||
| 080 | _a33 | ||
| 942 | _cKS | ||
| 008 | 130116s pl a f |000 0 pol | ||
| 999 |
_c53861 _d53861 |
||
| 856 |
_uhttp://koha.tu.koszalin.pl/cgi-bin/koha/opac-detail.pl?biblionumber=53861 _yKatalog online BPK |
||